00761 a2200169 4500003000500000005001700005040000900022082001000031245005400041260004700095300001100142505027400153538003200427942001200459999001900471952010100490Nust20170207154215.0 cNust a378.4 aThe Alamgirian 2000-2001cMilitary college Jhelum aJhelumbMilitary college Jhelumc2000-2001 a132 p. aFrom the Editors Desk (Page-8) Message by the Commandant (Page-9) The Faculty (Page-16) The Platinum Round-up 2000-2001 at a Stretch (Page-20) The Platinum Annual Day (Page-43) The Arena (Page-54) The Houses (Page-77) The Clubs (Page-90) Inking the Intellect (Page-98)  aAlmirah No. 117 Shelf No. 2 2ddccBK c195069d195069 00102ddc40708NFICaMCSbMCSd2016-12-12l0o378.4 ALApMCSPS-78r2016-12-08w2016-12-12yBK